000 00589nam a22001695i 4500
001 161970
003 ES-MaACL
005 20230906212409.0
008 041026s1881 fr |||| | fre d
040 _aCAM
_bspa
_cCAM
100 1 _aPerroud, Claude.
_991380
245 1 0 _aDes origines du premier Duché d'Aquitaine /
_cpar Cl. Perroud.
260 _aParis :
_bLibrairie Hachette et C.,
_c1881 (
_fImprimerie Marchessou Fils)
300 _a287 p. ;
_c22 cm.
610 2 4 _aDucado de Aquitania-
_xHistoria.
_9134338
852 _aES-MaACL
_jB-1007
_z-- Enc. hol., conservando la cub. original
999 _c161970
_d161970